Normal view
MARC view
- Waher P
Entry Personal Name
001 - CONTROL NUMBER
- control field: 201100
003 - CONTROL NUMBER IDENTIFIER
- control field: OSt
005 - DATE AND TIME OF LATEST TRANSACTION
- control field: 20230714220351.0
008 - FIXED-LENGTH DATA ELEMENTS
- fixed length control field: 230714|| aca||aabn | a|a d
040 ## - CATALOGING SOURCE
- Original cataloging agency: OSt
- Transcribing agency: OSt
100 ## - HEADING--PERSONAL NAME
- Personal name: Waher P
670 ## - SOURCE DATA FOUND
- Source citation: Work cat.: (OSt)224103: Waher P., Learning Internet Of Things, 2015